[Event "ChT Corsica 2007"]
[Site "Travo"]
[Date "2007.04.01"]
[Round "4.4"]
[White "Geronimi, Pierre-Francois"]
[Black "Vanschamelhout, Julien"]
[Result "1-0"]
[WhiteElo "1893"]
[BlackElo "1730"]
[PlyCount "81"]
[EventDate "2007.??.??"]
[WhiteTeam "Corsica Chess Club Dream Team"]

1. e4 c5 2. Nf3 d6 3. d4 cxd4 4. Nxd4 Nf6 5. Nc3 g6 6. Bc4 Bg7 7. f3 Nc6 8. Be3
O-O 9. Bb3 Bd7 10. Qd2 Rb8 11. O-O-O b5 12. Ncxb5 Na5 13. Nc3 Nxb3+ 14. axb3
Qa5 15. Kb1 Rfc8 16. Nd5 Qd8 17. Bh6 Bh8 18. g4 Rc5 19. Nxe7+ Qxe7 20. Nf5 Rxf5
21. gxf5 Nxe4 22. fxe4 Qe5 23. Qc3 Qxe4 24. f6 Rc8 25. Rhe1 Rxc3 26. Rxe4 Rc8
27. Bg5 d5 28. Re7 Be6 29. Rxa7 h6 30. h4 hxg5 31. hxg5 Bf5 32. Rd2 Bg7 33.
fxg7 Kxg7 34. Kc1 Be6 35. b4 Rb8 36. c3 Rh8 37. b5 Bf5 38. b3 Rh1+ 39. Kb2 Rb1+
40. Ka2 Rc1 41. b6 1-0

[Event "ChT Corsica 2007"]
[Site "Travo"]
[Date "2007.04.01"]
[Round "4.5"]
[White "Campana, Marc-Antoine"]
[Black "Luciani, Thibault"]
[Result "1-0"]
[WhiteElo "1791"]
[BlackElo "1726"]
[PlyCount "57"]
[EventDate "2007.??.??"]
[WhiteTeam "Balagna Chess Club 1"]
[BlackTeam "Corsica Chess Club Dream Team"]

1. e4 c5 2. Nf3 Nc6 3. d4 cxd4 4. Nxd4 e5 5. Nb5 d6 6. c4 Be7 7. N1c3 a6 8. Na3
f5 9. Bd3 f4 10. g3 fxg3 11. hxg3 Nf6 12. Nc2 O-O 13. Bg5 Nd4 14. Nxd4 exd4 15.
Bxf6 Bxf6 16. e5 g6 17. Nd5 dxe5 18. Kf1 Kg7 19. Rxh7+ Kxh7 20. Qh5+ Kg8 21.
Qxg6+ Bg7 22. Qh7+ Kf7 23. Qg6+ Kg8 24. Qh7+ Kf7 25. Bg6+ Ke6 26. Qxg7 Bd7 27.
Re1 Bc6 28. Qxe5+ Kd7 29. Qe6# 1-0

[Event "ChT Corsica 2007"]
[Site "Ponte-Leccia"]
[Date "2007.05.13"]
[Round "5.1"]
[White "Bicchierai, Gregory"]
[Black "Degoirat, Julien"]
[Result "1-0"]
[WhiteElo "2065"]
[BlackElo "2163"]
[PlyCount "69"]
[EventDate "2007.??.??"]
[WhiteTeam "Echecs Club Ajaccien 1"]
[BlackTeam "Balagna Chess Club 1"]

1. Nf3 d5 2. d4 Nf6 3. c4 e6 4. Nc3 Be7 5. Bf4 b6 6. e3 O-O 7. Bd3 dxc4 8. Bxc4
Bb7 9. O-O c5 10. Qe2 Nc6 11. Rfd1 cxd4 12. Nxd4 Nxd4 13. Rxd4 Qc8 14. e4 Bc5
15. Rdd1 Rd8 16. Rxd8+ Qxd8 17. Rd1 Qc8 18. a3 b5 19. Bxb5 Bxa3 20. Rc1 Bf8 21.
Nd5 Qd8 22. Bc7 Qc8 23. Nxf6+ gxf6 24. Qg4+ Bg7 25. Rc3 Kh8 26. Ba5 Qf8 27. Rg3
Rc8 28. h4 Rc1+ 29. Kh2 Rc2 30. Bb4 Qg8 31. Bc3 Rxf2 32. Kg1 e5 33. Kxf2 Bc8
34. Bd7 Ba6 35. Bb4 1-0

[Event "ChT Corsica 2007"]
[Site "Ponte-Leccia"]
[Date "2007.05.13"]
[Round "5.2"]
[White "Vilaisarn, Akkhavanh"]
[Black "Grimaldi, Antoine"]
[Result "1-0"]
[WhiteElo "2205"]
[BlackElo "2050"]
[PlyCount "83"]
[EventDate "2007.??.??"]
[WhiteTeam "Balagna Chess Club 1"]

1. d4 Nf6 2. Nf3 g6 3. Bf4 Bg7 4. e3 O-O 5. Be2 d5 6. O-O h6 7. Nbd2 Nbd7 8. h3
c5 9. c3 a6 10. Bh2 b5 11. Ne5 Qb6 12. Rc1 Nxe5 13. Bxe5 Nh7 14. dxc5 Qxc5 15.
Nb3 Qc6 16. Na5 Qe6 17. Bxg7 Kxg7 18. Bf3 Rd8 19. Qd4+ Qf6 20. Nc6 Qxd4 21.
cxd4 Rd7 22. Ne5 Rd6 23. Rc7 Be6 24. Rfc1 Nf6 25. Rxe7 Ne4 26. Bxe4 dxe4 27. b3
g5 28. Rcc7 Rf8 29. Nc6 h5 30. Na5 h4 31. Nb7 Rb6 32. Nc5 Bc8 33. Nxe4 g4 34.
hxg4 Bxg4 35. Ng5 Rg6 36. Nxf7 Kf6 37. Ne5 Rgg8 38. Rf7+ Rxf7 39. Rxf7+ Ke6 40.
Nxg4 Rxg4 41. Rf4 Rg6 42. Rxh4 1-0

[Event "ChT Corsica 2007"]
[Site "Ponte-Leccia"]
[Date "2007.05.13"]
[Round "5.3"]
[White "Cristofari, Antoine"]
[Black "Poiron, Nicolas"]
[Result "1-0"]
[WhiteElo "2128"]
[BlackElo "1899"]
[PlyCount "53"]
[EventDate "2007.??.??"]
[WhiteTeam "Echecs Club Ajaccien 1"]
[BlackTeam "Balagna Chess Club 1"]

1. e4 c5 2. Nf3 Nc6 3. c3 e6 4. d4 cxd4 5. cxd4 Nf6 6. Nc3 Bb4 7. Bd3 d5 8. e5
Ne4 9. Qc2 Qa5 10. Bd2 Nxd2 11. Qxd2 Qb6 12. O-O Bd7 13. a3 Be7 14. Bc2 Na5 15.
b4 Nc4 16. Qf4 Rc8 17. Rfc1 Bb5 18. h4 Nxe5 19. Nxe5 f6 20. Nxb5 fxe5 21. Qxe5
Qxb5 22. Ba4 Rxc1+ 23. Rxc1 Qxa4 24. Qxe6 Qd7 25. Rc8+ Qd8 26. Rxd8+ Kxd8 27.
Qxd5+ 1-0

[Event "ChT Corsica 2007"]
[Site "Ponte-Leccia"]
[Date "2007.05.13"]
[Round "5.4"]
[White "Campana, Marc-Antoine"]
[Black "Bellicou, Dominique"]
[Result "0-1"]
[WhiteElo "1788"]
[BlackElo "2010"]
[PlyCount "96"]
[EventDate "2007.??.??"]
[WhiteTeam "Balagna Chess Club 1"]

1. e4 c5 2. Nf3 Nc6 3. d4 cxd4 4. Nxd4 e5 5. Nb5 a6 6. Nd6+ Bxd6 7. Qxd6 Qe7 8.
Qc7 d5 9. Qxe7+ Ngxe7 10. exd5 Nxd5 11. Bd2 Bf5 12. Na3 O-O 13. c3 Rad8 14.
O-O-O Rd7 15. Bc4 Rc8 16. Rhe1 b5 17. Bxd5 Rxd5 18. Be3 Rxd1+ 19. Rxd1 b4 20.
Nc4 bxc3 21. bxc3 Nb4 22. Nxe5 Nxa2+ 23. Kb2 Nxc3 24. Ra1 f6 25. Nf3 Bd3 26.
Nd4 Ne4 27. Ra3 Bf1 28. Nf5 Kf8 29. Ra5 Bd3 30. Ka1 Rb8 31. Ra3 Bf1 32. Nd4
Bxg2 33. Rxa6 Nc3 34. Ne6+ Kf7 35. Bb6 Bf1 36. Nd8+ Kg6 37. Ra3 Nd5 38. Rg3+
Kf5 39. Ba5 Ra8 40. Nb7 Ra7 41. Nd6+ Ke6 42. Ra3 Ra6 43. Ne4 Rc6 44. Kb2 f5 45.
Nc3 Nf4 46. Ra1 Bc4 47. Re1+ Kf7 48. Bd8 Nd3+ 0-1

[Event "ChT Corsica 2007"]
[Site "Ponte-Leccia"]
[Date "2007.05.13"]
[Round "5.5"]
[White "Migheli, Gabriel"]
[Black "Wojnowski, Krzysztof"]
[Result "0-1"]
[WhiteElo "1740"]
[BlackElo "1780"]
[PlyCount "80"]
[EventDate "2007.??.??"]
[WhiteTeam "Echecs Club Ajaccien 1"]
[BlackTeam "Balagna Chess Club 1"]

1. e4 e6 2. d4 d5 3. e5 c5 4. c3 Nc6 5. Nf3 Bd7 6. Be2 f6 7. O-O fxe5 8. Nxe5
Nxe5 9. dxe5 h6 10. Bh5+ Ke7 11. f4 Be8 12. Bxe8 Qxe8 13. f5 Kd7 14. f6 gxf6
15. exf6 Qg6 16. Qf3 h5 17. c4 Kc6 18. cxd5+ exd5 19. Nc3 Rd8 20. h4 Qg4 21.
Qxg4 hxg4 22. Bg5 Rd7 23. Rae1 Nh6 24. Re8 Nf7 25. Rf4 Bd6 26. Re6 Nd8 27.
Rxd6+ Rxd6 28. Rxg4 Nf7 29. Rf4 d4 30. Ne4 Rd5 31. Kf2 Kd7 32. g4 Ke6 33. Ke2
Rh7 34. Rf3 Re5 35. Kd3 b5 36. Bf4 Rxh4 37. g5 Rf5 38. Bg3 Rxf3+ 39. Ke2 Re3+
40. Kf2 Rhxe4 0-1

[Event "ChT Corsica 2007"]
[Site "Ponte-Leccia"]
[Date "2007.05.13"]
[Round "5.1"]
[White "Massoni, Michael"]
[Black "Capard, Philippe"]
[Result "1/2-1/2"]
[WhiteElo "2077"]
[BlackElo "1844"]
[PlyCount "67"]
[EventDate "2007.??.??"]
[WhiteTeam "Corsica Chess Club Dream Team"]
[BlackTeam "Echiquier Grand Sud"]

1. e4 e6 2. d4 d5 3. Nc3 Bb4 4. a3 Bxc3+ 5. bxc3 Ne7 6. e5 c5 7. Nf3 Qa5 8. Bd2
Nbc6 9. Bd3 c4 10. Be2 Bd7 11. O-O h6 12. h3 O-O-O 13. Nh2 f6 14. f4 Rdf8 15.
Qe1 Qa4 16. Ra2 f5 17. Nf3 Rfg8 18. Kh1 Nd8 19. Rb2 Nec6 20. Bc1 Nf7 21. Nh2 g5
22. Bh5 Be8 23. Bd2 Qxa3 24. Qb1 Nfd8 25. Bf3 gxf4 26. Ra2 Qe7 27. Bxf4 Qh4 28.
Be3 Rh7 29. Qd1 Rhg7 30. Qe2 a6 31. Bf2 Qg5 32. Be3 Qh4 33. Bf2 Qg5 34. Be3
1/2-1/2

[Event "ChT Corsica 2007"]
[Site "Ponte-Leccia"]
[Date "2007.05.13"]
[Round "5.2"]
[White "Bernardin, Marc"]
[Black "Humeau, Cyril"]
[Result "0-1"]
[WhiteElo "1750"]
[BlackElo "2162"]
[PlyCount "68"]
[EventDate "2007.??.??"]
[WhiteTeam "Echiquier Grand Sud"]

1. d4 Nf6 2. c4 e6 3. Nc3 Bb4 4. Bg5 c5 5. Bxf6 Qxf6 6. e3 Nc6 7. Nf3 O-O 8.
Be2 d5 9. O-O cxd4 10. exd4 dxc4 11. Bxc4 Rd8 12. Ne2 a6 13. a3 Ba5 14. b4 Bb6
15. Bd3 Nxd4 16. Nexd4 Bxd4 17. Nxd4 Qxd4 18. Bxh7+ Kxh7 19. Qh5+ Kg8 20. Rfd1
Qf6 21. Rxd8+ Qxd8 22. Rd1 Qc7 23. h3 a5 24. Rd4 axb4 25. Rh4 Kf8 26. Qh8+ Ke7
27. Qxg7 Qc1+ 28. Kh2 bxa3 29. Rh8 Qf4+ 30. Kg1 a2 31. Qf8+ Kd7 32. Qe8+ Kd6
33. Qf8+ Kc6 34. Qe8+ Bd7 0-1

[Event "ChT Corsica 2007"]
[Site "Ponte-Leccia"]
[Date "2007.05.13"]
[Round "5.1"]
[White "Galli, Jean-Christian"]
[Black "Mencacci, Tiphanie"]
[Result "1-0"]
[WhiteElo "2027"]
[BlackElo "1563"]
[PlyCount "75"]
[EventDate "2007.??.??"]
[WhiteTeam "Corsica Chess Club 1"]
[BlackTeam "Corsica Chess Club Féminines"]

1. g3 g6 2. Bg2 Bg7 3. d4 d5 4. Nf3 Nf6 5. O-O O-O 6. c4 c6 7. Nc3 e6 8. Bf4
Nbd7 9. Bd6 Re8 10. Ne5 dxc4 11. Nxc4 Nb6 12. Nxb6 Qxb6 13. Bc5 Qc7 14. Rc1 Nd5
15. Ne4 Rd8 16. e3 b6 17. Ba3 Bb7 18. Qc2 Rac8 19. Nd2 Ba6 20. Rfe1 Bb7 21. b3
Qd7 22. Nc4 Bf8 23. Ne5 Qc7 24. Bxf8 Kxf8 25. Qe4 Rd6 26. h4 Nf6 27. Qf4 Nd5
28. Bxd5 Rxd5 29. Qf6 Kg8 30. e4 Rxd4 31. Ng4 h5 32. Nh6+ Kh7 33. Qxd4 Kxh6 34.
Rcd1 Qb8 35. Qf6 Qc7 36. Rd3 c5 37. Red1 Bc6 38. Rd8 1-0

[Event "ChT Corsica 2007"]
[Site "Ponte-Leccia"]
[Date "2007.05.13"]
[Round "5.2"]
[White "Antoniotti, Marie-Cecile"]
[Black "Autran, Yann"]
[Result "0-1"]
[WhiteElo "1640"]
[BlackElo "1997"]
[PlyCount "40"]
[EventDate "2007.??.??"]
[WhiteTeam "Corsica Chess Club Féminines"]

1. e4 d6 2. d4 Nf6 3. Nd2 e5 4. d5 Be7 5. Bd3 Nbd7 6. Ne2 O-O 7. O-O c6 8. c4
Nc5 9. Qc2 a5 10. Nb3 Nxd3 11. Qxd3 cxd5 12. cxd5 b6 13. Nc3 Ba6 14. Nb5 Nxe4
15. Qxe4 Bxb5 16. Rd1 f5 17. Qf3 a4 18. Nd2 e4 19. Qh3 Rc8 20. b3 Bf6 0-1

[Event "ChT Corsica 2007"]
[Site "Ponte-Leccia"]
[Date "2007.05.13"]
[Round "5.5"]
[White "Rossi, Pascal"]
[Black "Querci, Claude"]
[Result "1-0"]
[WhiteElo "1851"]
[BlackElo "1260"]
[PlyCount "27"]
[EventDate "2007.??.??"]
[WhiteTeam "Corsica Chess Club 1"]
[BlackTeam "Corsica Chess Club Féminines"]

1. d4 d5 2. e4 e6 3. Nc3 Nf6 4. Bd3 Be7 5. Bg5 Nbd7 6. e5 Ng8 7. Bxe7 Nxe7 8.
Qg4 O-O 9. h4 c5 10. Rh3 Nc6 11. Rg3 g6 12. h5 Kh8 13. hxg6 Rg8 14. g7+ 1-0

[Event "ChT Corsica 2007"]
[Site "Ponte-Leccia"]
[Date "2007.05.13"]
[Round "5.1"]
[White "Rataud, Didier"]
[Black "Have, Didier"]
[Result "0-1"]
[WhiteElo "1964"]
[BlackElo "1932"]
[PlyCount "52"]
[EventDate "2007.??.??"]
[WhiteTeam "Tour du Nebbiu"]
[BlackTeam "Echecs Club Ajaccien 2"]

1. e4 c5 2. Nc3 d6 3. Nf3 Nc6 4. h3 g6 5. Bc4 Bg7 6. O-O Nf6 7. d3 O-O 8. a3
Nd7 9. Be3 Nd4 10. Nh2 Ne5 11. Ba2 Nec6 12. f4 Be6 13. Nd5 Nb5 14. c3 Rc8 15.
Qd2 Qd7 16. g4 f5 17. gxf5 gxf5 18. exf5 Rxf5 19. Nf3 Bxd5 20. Bxd5+ Rxd5 21.
c4 Rh5 22. cxb5 Nd4 23. Bxd4 Bxd4+ 24. Nxd4 cxd4 25. Qg2+ Kh8 26. Qg4 Rg8 0-1

[Event "ChT Corsica 2007"]
[Site "Ponte-Leccia"]
[Date "2007.05.13"]
[Round "5.2"]
[White "Jaulneau, Christophe"]
[Black "Bono, Patrick"]
[Result "0-1"]
[WhiteElo "1953"]
[BlackElo "1660"]
[PlyCount "40"]
[EventDate "2007.??.??"]
[WhiteTeam "Echecs Club Ajaccien 2"]

1. e4 d6 2. d4 g6 3. Nf3 Bg7 4. Nc3 Nf6 5. Bc4 Nbd7 6. Be3 O-O 7. Qd2 e5 8. Bh6
exd4 9. Nxd4 Re8 10. f3 Ne5 11. Bb3 a6 12. Bxg7 Kxg7 13. O-O-O c5 14. Nde2 c4
15. f4 cxb3 16. fxe5 Nxe4 17. Nxe4 bxa2 18. N4c3 a1=Q+ 19. Nb1 Rxe5 20. Qd4
Qg5+ 0-1

[Event "ChT Corsica 2007"]
[Site "Ponte-Leccia"]
[Date "2007.05.13"]
[Round "5.3"]
[White "Battesti, Leo"]
[Black "Geronimi, Vital"]
[Result "1-0"]
[WhiteElo "1837"]
[BlackElo "1780"]
[PlyCount "43"]
[EventDate "2007.??.??"]
[WhiteTeam "I Scacchi Di U Centru"]
[BlackTeam "Casinca 1"]

1. Nf3 d5 2. c4 d4 3. b4 Nd7 4. Nxd4 Nb6 5. e3 Nf6 6. Bb2 e5 7. Nc2 Bg4 8. f3
Be6 9. Nba3 e4 10. d4 exd3 11. Bxd3 a5 12. bxa5 Rxa5 13. O-O Bc5 14. Qe2 O-O
15. Rfd1 Qe7 16. Nb5 Re8 17. Ncd4 Na4 18. Nxe6 fxe6 19. Be5 c6 20. Bd6 Bxd6 21.
Nxd6 Qxd6 22. Bxh7+ 1-0

[Event "ChT Corsica 2007"]
[Site "Ponte-Leccia"]
[Date "2007.05.13"]
[Round "5.1"]
[White "Dehainault, Christian"]
[Black "Bigonnet, Jean-Michel"]
[Result "0-1"]
[WhiteElo "1590"]
[BlackElo "1890"]
[PlyCount "98"]
[EventDate "2007.??.??"]
[WhiteTeam "Echecs Club du Fium'Orbu 1"]
[BlackTeam "Corsica Chess Club 2"]

1. Nf3 d5 2. d4 Nf6 3. g3 e6 4. Bg2 c5 5. c4 Nc6 6. Nc3 Be7 7. O-O O-O 8. cxd5
exd5 9. Bg5 Be6 10. Bxf6 Bxf6 11. dxc5 Bxc3 12. bxc3 Qa5 13. Nd4 Qxc5 14. Nxc6
bxc6 15. Qd3 Rab8 16. Rab1 Rfd8 17. e4 d4 18. cxd4 Qc4 19. Qxc4 Bxc4 20. Rxb8
Rxb8 21. Rc1 Bxa2 22. Rxc6 f6 23. d5 Kf7 24. Rc7+ Kf8 25. Bf3 a5 26. Kg2 a4 27.
Ra7 Bb3 28. Bg4 Bc2 29. f3 Rb2 30. Kh3 Bd3 31. Ra8+ Ke7 32. Ra7+ Kd6 33. Rd7+
Ke5 34. f4+ Kxe4 35. Re7+ Kxd5 36. Bf3+ Kc5 37. Rc7+ Kd4 38. Ra7 Bb5 39. Bd1
Ra2 40. Kg4 a3 41. Bb3 Ra1 42. Ra5 Be2+ 43. Kf5 Bd3+ 44. Kg4 g6 45. Bg8 h5+ 46.
Kh4 Rh1 47. h3 Bf5 48. Ra4+ Kc5 49. Rc4+ Kb5 0-1

[Event "ChT Corsica 2007"]
[Site "Ponte-Leccia"]
[Date "2007.05.13"]
[Round "5.2"]
[White "Geronimi, Didier"]
[Black "Filippini, Herve"]
[Result "0-1"]
[WhiteElo "1802"]
[BlackElo "1620"]
[PlyCount "46"]
[EventDate "2007.??.??"]
[WhiteTeam "Corsica Chess Club 2"]

1. e4 e5 2. Bc4 Nf6 3. d4 exd4 4. Nf3 Bc5 5. O-O d6 6. Nbd2 Bg4 7. Re1 Nc6 8.
c3 O-O 9. b4 Bb6 10. Qb3 dxc3 11. Qxc3 Ne5 12. Nxe5 dxe5 13. Qxe5 Bd4 14. Qg5
Bxa1 15. e5 Re8 16. Ne4 Nxe4 17. Qxg4 Bxe5 18. Rxe4 Bf6 19. Be2 Rxe4 20. Qxe4
c6 21. Bd3 g6 22. Bh6 Qd4 23. Qxd4 Bxd4 0-1

[Event "ChT Corsica 2007"]
[Site "Ponte-Leccia"]
[Date "2007.05.13"]
[Round "5.3"]
[White "Stolfi, Marie-Noelle"]
[Black "Morganti, Noel"]
[Result "0-1"]
[WhiteElo "1580"]
[BlackElo "1678"]
[PlyCount "65"]
[EventDate "2007.??.??"]
[WhiteTeam "Echecs Club du Fium'Orbu 1"]
[BlackTeam "Corsica Chess Club 2"]

1. d4 Nf6 2. c4 g6 3. Nc3 d5 4. Nf3 Bg7 5. e3 O-O 6. Be2 c6 7. O-O Bf5 8. Nd2
Nbd7 9. f3 e5 10. e4 dxe4 11. fxe4 Be6 12. d5 cxd5 13. cxd5 Bxd5 14. Nxd5 Qa5
15. Nxf6+ Nxf6 16. Bf3 Rad8 17. Qe1 Qb4 18. Nb1 Qb6+ 19. Kh1 Rd6 20. Nc3 h6 21.
Rb1 Rfd8 22. Be3 Qa5 23. Qf2 b6 24. h4 R8d7 25. g4 Nh7 26. a3 Qa6 27. Nd5 Qc8
28. Rg1 Qe8 29. Be2 Rd8 30. Bd2 a5 31. b4 Qa4 32. Qe3 Nf6 33. Nxf6+ 0-1

[Event "ChT Corsica 2007"]
[Site "Ponte-Leccia"]
[Date "2007.05.13"]
[Round "5.5"]
[White "Filippini, Laurine"]
[Black "Bouttier, Nicolas"]
[Result "1-0"]
[WhiteElo "1350"]
[BlackElo "1600"]
[PlyCount "59"]
[EventDate "2007.??.??"]
[WhiteTeam "Echecs Club du Fium'Orbu 1"]
[BlackTeam "Corsica Chess Club 2"]

1. e4 e5 2. Nf3 Nc6 3. Nc3 Bc5 4. Bc4 Nf6 5. Nxe5 Nxe5 6. d4 Bd6 7. dxe5 Bxe5
8. Bg5 d6 9. O-O h6 10. Bh4 Be6 11. Nd5 Qd7 12. c3 Bxd5 13. exd5 c6 14. Qf3
cxd5 15. Bxd5 Nxd5 16. Qxd5 Rb8 17. Rfe1 O-O 18. Rad1 Qf5 19. Rd3 Rfe8 20. Kf1
Qg4 21. Bg3 Qe6 22. Bxe5 dxe5 23. Qe4 f6 24. Rg3 g5 25. Qg6+ Kf8 26. Rf3 Ke7
27. Qg7+ Qf7 28. Rxe5+ Kd8 29. Qxf7 Rxe5 30. Rd3+ 1-0

[Event "ChT Corsica 2007"]
[Site "Ponte-Leccia"]
[Date "2007.05.13"]
[Round "6.1"]
[White "Degoirat, Julien"]
[Black "Galli, Jean-Christian"]
[Result "1-0"]
[WhiteElo "2163"]
[BlackElo "2027"]
[PlyCount "35"]
[EventDate "2007.??.??"]
[WhiteTeam "Balagna Chess Club 1"]
[BlackTeam "Corsica Chess Club 1"]

1. e4 e6 2. d4 d5 3. Nc3 Nf6 4. e5 Nfd7 5. f4 c5 6. Nf3 Nc6 7. Be3 Qb6 8. Be2
cxd4 9. Nxd4 Qxb2 10. Ncb5 Bb4+ 11. Kf1 O-O 12. Nxc6 bxc6 13. Bd4 Qxa1 14. Bxa1
cxb5 15. Bxb5 Rb8 16. Bd3 Nc5 17. g3 Ne4 18. Bd4 1-0

[Event "ChT Corsica 2007"]
[Site "Ponte-Leccia"]
[Date "2007.05.13"]
[Round "6.2"]
[White "Autran, Yann"]
[Black "Vilaisarn, Akkhavanh"]
[Result "0-1"]
[WhiteElo "1997"]
[BlackElo "2205"]
[PlyCount "36"]
[EventDate "2007.??.??"]
[WhiteTeam "Corsica Chess Club 1"]

1. c4 g6 2. Nc3 Bg7 3. Nf3 d6 4. e4 Nf6 5. Be2 O-O 6. O-O e5 7. b4 a5 8. b5
Nbd7 9. d3 Nh5 10. Be3 b6 11. g3 Nc5 12. Ne1 Nf6 13. Bg5 h6 14. Bd2 Bh3 15. Ng2
Ne6 16. Nd5 Nd4 17. Nxf6+ Qxf6 18. Bg4 Bxg4 0-1

[Event "ChT Corsica 2007"]
[Site "Ponte-Leccia"]
[Date "2007.05.13"]
[Round "6.1"]
[White "Humeau, Cyril"]
[Black "Bicchierai, Gregory"]
[Result "1-0"]
[WhiteElo "2162"]
[BlackElo "2065"]
[PlyCount "155"]
[EventDate "2007.??.??"]
[WhiteTeam "Corsica Chess Club Dream Team"]
[BlackTeam "Echecs Club Ajaccien 1"]

1. e4 e5 2. Nf3 Nc6 3. d4 exd4 4. Nxd4 Bc5 5. Nxc6 Qf6 6. Qf3 dxc6 7. Bc4 h5 8.
Nc3 Bd4 9. Bd2 Qxf3 10. gxf3 b5 11. Bd3 Ne7 12. Rg1 Ng6 13. Be3 Be5 14. O-O-O
Nf4 15. Bf1 Ne6 16. Rh1 h4 17. Ne2 g5 18. Bh3 f6 19. Bg4 a5 20. h3 c5 21. Kb1
c6 22. Rd2 Rh7 23. Rhd1 Rd7 24. Bh5+ Ke7 25. Bg4 Ke8 26. Bh5+ Ke7 27. Bg4 Ke8
28. Rxd7 Bxd7 29. Kc1 a4 30. Bh5+ Ke7 31. Bg4 c4 32. f4 gxf4 33. Nxf4 Nf8 34.
Ng6+ Ke8 35. Nxe5 fxe5 36. Bh5+ Kd8 37. Bg5+ Kc7 38. Bxh4 Bxh3 39. Bg3 Nd7 40.
a3 Rh8 41. Be2 Bg2 42. Bg4 Rh7 43. Rxd7+ Rxd7 44. Bxe5+ Kd8 45. Bf6+ Kc7 46.
Bxd7 Kxd7 47. e5 Ke6 48. Kd2 Be4 49. c3 Bf5 50. Ke3 Bb1 51. Kd4 Bc2 52. Ke3 Kd5
53. Kf4 Ke6 54. Bh4 Bb1 55. Bg3 Bc2 56. Bh2 Bb1 57. Kg5 Bc2 58. Kh6 Bb1 59. Kg7
Bc2 60. Kf8 Bb1 61. Ke8 Be4 62. Kd8 Bf3 63. Kc7 Ke7 64. Bg3 Ke6 65. Kd8 Bg2 66.
f4 Be4 67. Kc7 Bd5 68. f5+ Kxf5 69. Kd6 Bf7 70. Kxc6 Be8+ 71. Kd6 Bf7 72. Bh2
Be8 73. e6 Kf6 74. Be5+ Kg6 75. Bd4 Kf5 76. Bh8 Kg6 77. Ke7 Bc6 78. Kf8 1-0

[Event "ChT Corsica 2007"]
[Site "Ponte-Leccia"]
[Date "2007.05.13"]
[Round "6.2"]
[White "Grimaldi, Antoine"]
[Black "Massoni, Michael"]
[Result "0-1"]
[WhiteElo "2050"]
[BlackElo "2077"]
[PlyCount "69"]
[EventDate "2007.??.??"]
[WhiteTeam "Echecs Club Ajaccien 1"]

1. e4 c5 2. Nf3 e6 3. d3 Nc6 4. g3 d5 5. Nbd2 Bd6 6. Bg2 Nge7 7. O-O O-O 8. c3
Bd7 9. Re1 f6 10. h4 Qc7 11. Qe2 Rae8 12. h5 e5 13. Nf1 Be6 14. N1h2 Qd7 15.
Nh4 Bc7 16. g4 Kh8 17. Nf5 b5 18. Bh3 Nd8 19. Nf3 c4 20. dxc4 dxe4 21. Qxe4
Bxc4 22. N3h4 Bd5 23. Qc2 Nxf5 24. Nxf5 Bb7 25. Bg2 Bxg2 26. Kxg2 Ne6 27. Qe4
Nc5 28. Qc2 Qc6+ 29. Kg1 e4 30. Be3 Nd3 31. Rf1 Ne5 32. Qe2 Nf3+ 33. Kg2 Qe6
34. Rad1 Qe5 35. Ng3 0-1

[Event "ChT Corsica 2007"]
[Site "Ponte-Leccia"]
[Date "2007.05.13"]
[Round "6.3"]
[White "Geronimi, Pierre-Francois"]
[Black "Cristofari, Antoine"]
[Result "1/2-1/2"]
[WhiteElo "1893"]
[BlackElo "2128"]
[PlyCount "116"]
[EventDate "2007.??.??"]
[WhiteTeam "Corsica Chess Club Dream Team"]
[BlackTeam "Echecs Club Ajaccien 1"]

1. e4 e5 2. Nf3 Nc6 3. Bb5 a6 4. Ba4 Nf6 5. d4 exd4 6. O-O Be7 7. Re1 d6 8.
Nxd4 Bd7 9. Nxc6 Bxc6 10. Bxc6+ bxc6 11. Nc3 O-O 12. Bg5 Rb8 13. Rb1 h6 14. Bh4
Nd7 15. Bxe7 Qxe7 16. Qe2 a5 17. Qa6 Qg5 18. Ne2 Qc5 19. Nc3 Ne5 20. Qe2 Kh8
21. Kh1 Rb4 22. f4 Nc4 23. a3 Rbb8 24. b4 Qd4 25. Rb3 Nxa3 26. Rd1 Qf6 27. Rxa3
axb4 28. Ra7 bxc3 29. Rxc7 Qxf4 30. Rxc6 Rfe8 31. Rcxd6 Rxe4 32. Qd3 Rbe8 33.
Rd8 Rxd8 34. Qxd8+ Kh7 35. h3 Qe5 36. Qd3 f5 37. Rf1 Kg6 38. Qa6+ Kg5 39. Qd3
g6 40. Qd8+ Qe7 41. Qxe7+ Rxe7 42. Rf3 Rc7 43. Kg1 f4 44. Kf2 Kf5 45. Rd3 Rc5
46. Kf3 g5 47. g3 Rc4 48. Rd5+ Ke6 49. Ra5 fxg3 50. Kxg3 Re4 51. Kf3 Rh4 52.
Kg3 Rd4 53. Rc5 h5 54. Rxc3 g4 55. hxg4 hxg4 56. Rc5 Re4 57. Rg5 Rc4 58. Rxg4
Rxc2 1/2-1/2